Impardonnable - Damso - Statistiques

Statistiques générales
  • Ce quiz a été pris 93 fois
  • Le résultat moyen est 368 sur 470
Statistiques - réponses
Réponse % Correct
à
100%
a
100%
l'
100%
Le
100%
le
100%
n'
100%
N'
100%
s'
100%
t
100%
t'
100%
T'
100%
C'
98%
c'
98%
d'
98%
es
98%
j'
98%
J'
98%
les
98%
Les
98%
m'
98%
on
96%
te
96%
ai
95%
De
95%
de
95%
ma
95%
ont
95%
A-R
93%
en
93%
En
93%
il
93%
Il
93%
la
93%
par
93%
qu'
91%
fait
89%
ils
89%
que
89%
vie
89%
au
87%
comme
87%
Dans
87%
est
87%
Je
87%
je
87%
des
85%
et
85%
ou
85%
85%
trahi
85%
me
84%
un
84%
Un
84%
cœur
82%
mal
82%
sentiments
82%
brisé
80%
ce
80%
du
80%
mais
80%
pas
80%
sur
80%
tellement
80%
aiguilles
78%
aucun
78%
effet
78%
mimer
78%
moi
78%
pour
78%
tournent
78%
y
78%
commencé
76%
cou
76%
fais
76%
oublie
76%
pardonner
76%
quand
76%
ta
76%
veux
76%
ça
75%
morts
75%
Océanie
75%
ténèbres
75%
tout
75%
plus
69%
arrêt
67%
bon
67%
couple
67%
Oh
67%
vrai
67%
amis
65%
enfants
65%
torts
65%
personne
64%
Qui
64%
sauver
64%
bravo
62%
font
62%
juste
62%
maladie
62%
même
62%
mère
62%
plata
62%
seul
62%
Si
62%
somme
62%
anciens
60%
bonne
60%
compétition
60%
mon
60%
nique
60%
amour
58%
crois
58%
leur
58%
toi
58%
une
58%
flow
56%
rappeurs
56%
vraiment
56%
vrais
56%
aboli
55%
aime
55%
autour
55%
d'ssus
55%
être
55%
laisse
55%
parle
55%
rêveur
55%
Tu
55%
voirie
55%
devient
53%
pistolet
53%
prends
53%
tes
53%
bruit
51%
couronne
51%
fume
51%
jouent
51%
lèvres
51%
nous
51%
royaume
51%
sais
51%
toute
51%
cocaïne
49%
concession
49%
été
49%
l'esclavage
49%
paillettes
49%
rêves
49%
sommes
49%
strass
49%
vraies
49%
aide
47%
âme
47%
champs
47%
chantent
47%
cotons
47%
encore
47%
sperme
47%
tis-mé
47%
allée
45%
non
45%
phrases
45%
commences
44%
sachets
44%
Sucent
44%
apporterai
42%
suis
42%
wari
42%
frustré
40%
retweet
40%
sapé
40%
choqué
38%
salope
38%
dettes
36%
Émirats
36%
'rrari
36%
Outre-Atlantique
35%
wallet
35%
grata
33%
repostés
33%
she-ca
33%
tension
33%
Gâchis
31%
inscrits
31%
quali'
31%
mallette
29%
remplit
29%
persona
25%
lourd
24%
arrêtes
22%
Nombreux
22%
causant
18%
elle
15%
mange
2%
Aucun quiz correspondant
Distribution des résultats
% des personnes avec chaque résultat
Percentile par nombre de réponses
Votre historique - résultats
Vous n’avez pas pris ce quiz